Materiały magnetyczno-ścierne i ich zastosowanie / (Rekord nr 4480)
| 000 -ETYKIETA REKORDU | |
|---|---|
| podpole kontrolne o stałej długości | 01186nab a2200217 i 4500 |
| 001 - NUMER KONTROLNY REKORDU | |
| podpole kontrolne | BPP |
| 003 - IDENTYFIKATOR NUMERU KONTROLNEGO REKORDU | |
| podpole kontrolne | BPK |
| 005 - DATA OSTATNIEJ MODYFIKACJI REKORDU | |
| podpole kontrolne | 20160108091143.0 |
| 008 - POLE O STAŁEJ DŁUGOŚCI - DANE KONTROLNE | |
| podpole kontrolne o stałej długości | 140529s1984 pl f |000 0 pol |
| 040 ## - ŹRÓDŁO KATALOGOWANIA | |
| Instytucja, która utworzyła rekord | BPK |
| 080 ## - UNIWERSALNA KLASYFIKACJA DZIESIĘTNA - UKD | |
| UKD | 621.9 |
| 100 ## - NAZWA OSOBOWA | |
| Nazwa osobowa | WOŹNIAK, Kazimierz. |
| Lata pracy | 1980 - 1989. |
| Instytucja | Wyższa Szkoła Inżynierska w Koszalinie - Wydział Mechaniczny, |
| Wydział | Zakład Materiałoznawstwa i Obróbki Cieplnej |
| 245 ## - TYTUŁ/ODPOWIEDZIALNOŚĆ | |
| Tytuł | Materiały magnetyczno-ścierne i ich zastosowanie / |
| Pozostałe elementy strefy tytułu i oznaczenia odpowiedzialności | Kazimierz Woźniak. |
| 260 ## - STREFA ADRESU WYDAWNICZEGO | |
| Data publikacji, dystrybucji/powstania dokumentu | 1984. |
| 500 ## - UWAGI OGÓLNE | |
| Tekst uwagi | Dane z autopsji. |
| 520 ## - UWAGA DOTYCZĄCA TREŚCI DOKUMENTU | |
| Analiza dokumentacyjna, adnotacja itp. | Materiały magnetyczno-ścierne muszą charakteryzować się dobrymi własnościami ściernymi oraz dobrymi własnościami magnetycznymi, a w tym wysoką wartością przenikalności magnetycznej i wysokim punktem Curie.Otrzymane są one głównie metodami spiekania materiałów ściernych z proszkami żelaza. Jako materiały ścierne najlepsze są węgliki i borki metali przejściowych. |
| 650 #0 - HASŁO PRZEDMIOTOWE W FORMIE NAZWY OGÓLNEJ LUB JEDNOSTKOWEJ | |
| Nazwa ogólna lub geograficzna | Materiały ścierne. |
| 650 #0 - HASŁO PRZEDMIOTOWE W FORMIE NAZWY OGÓLNEJ LUB JEDNOSTKOWEJ | |
| Nazwa ogólna lub geograficzna | Materiały magnetyczne. |
| 773 ## - TYTUŁ DOKUMENTU MACIERZYSTEGO | |
| Wyrażenie wprowadzające | W : |
| Tytuł | Zeszyty Naukowe Wyższej Szkoły Inżynierskiej w Koszalinie. Prace Wydziału Mechanicznego. - |
| Informacje dotyczące relacji | 1984, nr 6 [21], s. 48-68 |
| 942 ## - HASŁO DODATKOWE - ELEMENTY(KOHA) | |
| Typ dokumentu | Artykuł |
| Schemat klasyfikacji | Uniwersalna klasyfikacja dziesiętna |
| Wycofany | Zagubiony | Uszkodzony | Dostępność | Lokalizacja stała | Lokalizacja bieżąca | Sygnatura | Typ dokumentu |
|---|---|---|---|---|---|---|---|
| Dostępny | Bibliografia Prac Pracowników - BPK | Bibliografia Prac Pracowników - BPK | 0100 | Artykuł |
